LEADER 01715nas--2200505---450- 001 990001070020203316 005 20120124130344.0 010 $a92-861-0012-4 035 $a000107002 035 $aUSA01000107002 035 $a(ALEPH)000107002USA01 035 $a000107002 100 $a20020417d2001----km-y0itay0103----ba 101 0 $aita 102 $aIT 110 $aakaz---|||| 200 1 $a<> Gruppo BEI nell'anno 2000 205 $a2000. 210 $aLussemburgo$cBanca europea per gli investimenti$d2001. 215 $a1 vol.$cill.$d30 cm$e1 Cd-Rom 300 $aNumero unico 430 1$1001000215477$aRelazione annuale. Banca europea per gli investimenti 440 1$1001000217270$aRelazione sull?attivitą. Gruppo BEI 451 1$1001000361492$tAnnual report. EIB Group 676 $a332.1534 699 $a01.08$bBanca europea per gli Investimenti 710 02$aBANCA EUROPEA PER GLI INVESTIMENTI$0354181 801 0$aIT$bsalbc$gISBD 912 $a990001070020203316 958 $aCDE$bCDE / BER$c2000. 959 $aBK 979 $aPAOLA$b90$c20020417$lUSA01$h1331 979 $aPATRY$b90$c20040406$lUSA01$h1714 979 $aCDE$b90$c20050802$lUSA01$h1114 979 $aMARIAS$b90$c20120123$lUSA01$h1513 979 $aMARIAS$b90$c20120123$lUSA01$h1516 979 $aMARIAS$b90$c20120123$lUSA01$h1526 979 $aMARIAS$b90$c20120123$lUSA01$h1548 979 $aMARIAS$b90$c20120123$lUSA01$h1548 979 $aMARIAS$b90$c20120124$lUSA01$h1144 979 $aMARIAS$b90$c20120124$lUSA01$h1302 979 $aMARIAS$b90$c20120124$lUSA01$h1303 979 $aMARIAS$b90$c20120124$lUSA01$h1303 996 $aGruppo BEI nell'anno 2000$9979464 997 $aUNISA